000
00246nam a2200097Ia 4500
001
1215183
005
20250827024546.0
008
250824s9999 xx 000 0 und d
245
0
_a
KONYANIN KIRK ÇOCUK OYUNU
_c
ALİ IŞIK
260
_b
KÜLTÜR A.Ş
999
_c
1215183
_d
1215183